| 000 | 00662nam a2200217Ia 4500 | ||
|---|---|---|---|
| 003 | OSt | ||
| 005 | 20210913063354.0 | ||
| 008 | 210210b2005 xxu||||| |||| 00| 0 eng d | ||
| 040 | _cAL | ||
| 082 | _a382 KALI | ||
| 100 |
_aKALLURAYA (SHRIPATHI P); NAYAK (JAYAVANTH) _925 |
||
| 245 |
_aInternational trade _cKALLURAYA (SHRIPATHI P) ; NAYAK (JAYAVANTH) |
||
| 246 | _aInternational trade and foreign exchange management | ||
| 260 |
_aMangalore _bMangala publications _c2005 |
||
| 300 | _avi,250 | ||
| 650 |
_aInternational Trade Foreign Exchange _926 |
||
| 650 |
_aWTO, BRICS _927 |
||
| 690 |
_aInternational Trade _928 |
||
| 906 | _a060582 | ||
| 942 |
_2ddc _cBK |
||
| 999 |
_c107646 _d107646 |
||